| 000 | 00000nas 2200000za 4500 |
| 001 | 9.506795 |
| 003 | CaOODSP |
| 005 | 20221107133710 |
| 007 | cr ||||||||||| |
| 008 | 150406d20002008onc x p o f0 a0eng|d |
| 020 | |z0-662-29309-6|z0-662-35503-2|z9778-0-662-47236-0 |
| 040 | |aCaOODSP|beng |
| 043 | |an-cn--- |
| 086 | 1 |aH39-3/2E-PDF|zH49-142/2000E|zH49-142/2003E|zHP10-12/2008E |
| 245 | 00|aCanadian perinatal health report |h[electronic resource]. |
| 260 | |a[Ottawa] : |bCanadian Perinatal Surveillance System, |cc2000-2008. |
| 310 | |aIrregular |
| 362 | 1 |aBegan with 2000; ceased with 2008. |
| 500 | |aIssued also in French under title: Rapport sur la santé périnatale au Canada. |
| 500 | |aFor the latest perinatal health data from the Canadian Perinatal Surveillance System of the Public Health Agency of Canada, please visit: Perinatal Health Indicators Quick Stats and Data Tool (https://health-infobase.canada.ca/PHI/) on the Public Health Infobase. |
| 550 | |aIssued 2000-2003 by Health Canada; 2008 by Public Health Agency of Canada. |
| 690 | 07|aHealth|2gcpds |
| 690 | 07|aInfants|2gcpds |
| 690 | 07|aPregnancy|2gcpds |
| 710 | 1 |aCanada. |bHealth Canada. |
| 710 | 2 |aCanadian Perinatal Surveillance System. |
| 710 | 2 |aPublic Health Agency of Canada. |
| 775 | 08|tRapport sur la santé périnatale au Canada |w(CaOODSP)9.503190 |
| 785 | 00|tPerinatal health indicators for Canada ... |w(CaOODSP)9.506796 |